000 00662nam a2200205 a 4500
005 20210223124900.0
008 030325s1997 es r 000 0 spa d
020 _a848088195X
035 _aUPN01000123199
049 _aCG
050 4 _aHD49
_bM5.38
100 1 _aMitroff, Ian I.
245 1 0 _aCómo gestionar una crisis :
_bguía para mejorar la preparación frente una la crisis [sic] /
_cIan I. Mitroff, Christine M. Pearson.
260 _aBarcelona, Esp. :
_bGestión 2000,
_cc1997.
300 _a136 p.
534 _pTraducción de:
_tCrisis management
650 4 _aMANEJO DE CRISIS
_9438
700 1 _aPearson, Christine M.,
_ecoaut.
905 _aLibro
999 _c95380
_d95380